[Event "46th GRE-chT Premier 2018"]
[Site "Rio Achaia"]
[Date "2018.07.14"]
[Round "6"]
[White "Kazantzidis, Ilias"]
[Black "Morozov, Nichita"]
[Result "0-1"]
[WhiteElo "2182"]
[BlackElo "2429"]
[Annotator "TA"]
[PlyCount "64"]
[EventDate "2018.07.10"]
[EventType "team-tourn"]
[EventCountry "GRE"]
[SourceTitle "playchess.com"]
[Source "ChessBase"]
[SourceQuality "1"]

1. d4 Nf6 2. Nf3 e6 3. Bg5 h6 4. Bxf6 Qxf6 5. e3 d6 6. Bd3 g6 7. Nbd2 Bg7 8. c3 Nd7 9. Qe2 Qe7 10. O-O-O e5 11. Kb1 c6 12. h3 Nf6 13. dxe5 dxe5 14. Ne4 Nxe4 15. Bxe4 O-O 16. Bc2 a5 17. Qd3 Be6 18. Qd6 Qf6 19. e4 a4 20. Rhe1 a3 21. b3 Rad8 22. Qxa3 Bxh3 23. gxh3 Qxf3 24. Qc5 Qxh3 25. Kb2 h5 26. Qe7 Rb8 27. b4 Qh2 28. Rh1 Qf4 29. a4 Bf6 30. Qc5 Rfd8 31. Rdg1 Rd2 32. Rxh5 Qxe4 0-1

[Event "46th GRE-chT Premier 2018"]
[Site "Rio Achaia"]
[Date "2018.07.14"]
[Round "6"]
[White "Tsaknakis, Zisis"]
[Black "Michaelides, Konstantinos"]
[Result "1/2-1/2"]
[WhiteElo "2170"]
[BlackElo "2282"]
[Annotator "ChessBase"]
[PlyCount "190"]
[EventDate "2018.07.10"]
[EventType "team-tourn"]
[EventCountry "GRE"]
[SourceTitle "playchess.com"]
[Source "ChessBase"]
[SourceQuality "1"]

1. e4 e6 2. d4 d5 3. Bd3 c5 4. exd5 exd5 5. dxc5 Bxc5 6. Nf3 Nf6 7. O-O O-O 8. Nc3 Nc6 9. Bg5 Be6 10. Bh4 h6 11. Qd2 Be7 12. Rfe1 Re8 13. Rad1 Qb6 14. a3 Rad8 15. Na4 Qc7 16. Bg3 Bd6 17. Nc5 Bc8 18. Rxe8+ Rxe8 19. Re1 Rxe1+ 20. Qxe1 Bxg3 21. hxg3 Qd6 22. Nb3 Bg4 23. Qe3 Bxf3 24. Qxf3 Qe5 25. Qf5 g6 26. Qxe5 Nxe5 27. Be2 Kf8 28. Kf1 Ke7 29. Ke1 Kd6 30. Nc1 Ne4 31. Nd3 Nxd3+ 32. cxd3 Nc5 33. Kd2 Ke5 34. Ke3 Ne6 35. d4+ Kd6 36. g4 Ng5 37. Bd3 Ne6 38. Be2 Kc6 39. g3 g5 40. Bd3 Kb6 41. Be2 Nc7 42. Bf3 Kc6 43. Bd1 Kd6 44. Bc2 Ne8 45. Ba4 Nf6 46. Bd1 Ke6 47. Be2 Ne8 48. Bd3 Nd6 49. b3 Kd7 50. Kd2 Ke7 51. Ke2 Ke6 52. Ke3 f5 53. f3 fxg4 54. fxg4 Ne8 55. Kf3 Nf6 56. Bf5+ Kd6 57. Bc2 Kc6 58. Bd3 Kb6 59. Bf5 Kc7 60. Ke3 a6 61. Kf3 Kb6 62. Bg6 Ka5 63. Bf5 Ne8 64. Be6 Nc7 65. Bd7 Kb6 66. Ke2 Na8 67. Ke3 Kc7 68. Be8 Nb6 69. Bg6 Nc8 70. Bf7 Kd6 71. Bg6 Na7 72. Bd3 a5 73. a4 Nc6 74. Bb5 Ke7 75. Kd3 Na7 76. Kc3 Nxb5+ 77. axb5 Kf6 78. Kd3 Kg6 79. Ke3 Kf6 80. Kd3 Kg6 81. Ke3 h5 82. gxh5+ Kxh5 83. Kf3 Kg6 84. Ke3 Kf6 85. Ke2 Ke6 86. Ke3 Kd6 87. Kf3 Ke6 88. Ke3 Kf6 89. Ke2 Kg7 90. Ke3 Kg6 91. g4 Kf6 92. Kd3 Ke6 93. b4 a4 94. b6 Kd6 95. b5 a3 1/2-1/2

[Event "46th GRE-chT Premier 2018"]
[Site "Rio Achaia"]
[Date "2018.07.14"]
[Round "6"]
[White "Tsekmes, Dimitrios"]
[Black "Vallianos, Gerasimos"]
[Result "1-0"]
[WhiteElo "2170"]
[BlackElo "1899"]
[Annotator "NA"]
[PlyCount "99"]
[EventDate "2018.07.10"]
[EventType "team-tourn"]
[EventCountry "GRE"]
[SourceTitle "playchess.com"]
[Source "ChessBase"]
[SourceQuality "1"]

1. e4 c5 2. Nc3 a6 3. d4 cxd4 4. Qxd4 Nc6 5. Qd2 e5 6. Bc4 Nf6 7. Nge2 Bc5 8. a3 Ng4 9. Bxf7+ Kf8 10. Bh5 Bxf2+ 11. Kf1 Bc5 12. Qd5 Qf6+ 13. Ke1 Bf2+ 14. Kd1 Ne7 15. Qd3 d5 16. h3 d4 17. hxg4 g6 18. Rh3 Ke8 19. Rf3 Qh4 20. Rh3 Qf6 21. Rf3 Qh4 22. Rh3 Qf6 23. g5 Qb6 24. Na4 Qa5 25. Bd2 Qxa4 26. Rf3 Be3 27. Bxe3 dxe3 28. Rxe3 gxh5 29. Ke1 Qa5+ 30. Nc3 Bg4 31. b4 Qd8 32. Nd5 Nxd5 33. exd5 Qxg5 34. Kf2 Rf8+ 35. Kg1 Rf5 36. Rae1 Kd7 37. c4 Rg8 38. g3 h4 39. c5 hxg3 40. c6+ Kd6 41. cxb7 Kd7 42. Qxa6 Qf6 43. Qa7 Kd6 44. b8=Q+ Rxb8 45. Qxb8+ Kd7 46. Rc3 Qd8 47. Qb7+ Ke8 48. Rc8 Rf1+ 49. Rxf1 Bxc8 50. Qf7# 1-0

[Event "46th GRE-chT Premier 2018"]
[Site "Rio Achaia"]
[Date "2018.07.14"]
[Round "6"]
[White "Zahilas, Loukas N"]
[Black "Kouvatsos, Filippos"]
[Result "1/2-1/2"]
[WhiteElo "2168"]
[BlackElo "2148"]
[Annotator "NA"]
[PlyCount "86"]
[EventDate "2018.07.10"]
[EventType "team-tourn"]
[EventCountry "GRE"]
[SourceTitle "playchess.com"]
[Source "ChessBase"]
[SourceQuality "1"]

1. e4 c6 2. d3 d5 3. Nd2 e5 4. Ngf3 Bd6 5. g3 Nf6 6. Bg2 O-O 7. O-O Nbd7 8. Re1 Re8 9. b3 a5 10. a4 Qc7 11. Bb2 b6 12. d4 Nxe4 13. Nxe4 dxe4 14. Nxe5 f5 15. Nc4 Bb4 16. c3 Bf8 17. f3 b5 18. Na3 Nf6 19. axb5 Bxa3 20. b6 Qxb6 21. Bxa3 Be6 22. Rb1 exf3 23. Bxf3 Bd5 24. Rxe8+ Rxe8 25. Bc5 Qc7 26. Qf1 g6 27. c4 Bxf3 28. Qxf3 Ne4 29. Re1 Qf7 30. Kg2 a4 31. bxa4 Qxc4 32. a5 Qa2+ 33. Re2 Qxa5 34. g4 Qd8 35. Qf4 Nxc5 36. Rxe8+ Qxe8 37. dxc5 Qe2+ 38. Kg3 Qxg4+ 39. Qxg4 fxg4 40. Kxg4 Kg7 41. h4 Kf6 42. Kf4 h6 43. Ke4 Ke6 1/2-1/2

[Event "46th GRE-chT Premier 2018"]
[Site "Rio Achaia"]
[Date "2018.07.14"]
[Round "6"]
[White "Panagiotakopoulos, Gerasimos"]
[Black "Gkonelas, Nikolaos"]
[Result "1-0"]
[WhiteElo "2165"]
[BlackElo "1917"]
[Annotator "NA"]
[PlyCount "47"]
[EventDate "2018.07.10"]
[EventType "team-tourn"]
[EventCountry "GRE"]
[SourceTitle "playchess.com"]
[Source "ChessBase"]
[SourceQuality "1"]

1. e4 e5 2. Nf3 Nc6 3. Bc4 Bc5 4. O-O Qe7 5. Nc3 Nf6 6. Nd5 Qd6 7. d3 Ne7 8. d4 Bxd4 9. Nxd4 Nfxd5 10. exd5 exd4 11. Qxd4 O-O 12. Bf4 Qg6 13. Bd3 Qh5 14. Bxc7 d6 15. Bxd6 Nf5 16. Bxf5 Bxf5 17. Bxf8 Rxf8 18. c4 Qg6 19. Rfe1 h5 20. Re3 Rc8 21. Rae1 f6 22. Qf4 Bd3 23. Qg3 Qxg3 24. hxg3 1-0

[Event "46th GRE-chT Premier 2018"]
[Site "Rio Achaia"]
[Date "2018.07.14"]
[Round "6"]
[White "Vragoteris, Antonios"]
[Black "Georgiev, Krum"]
[Result "1/2-1/2"]
[WhiteElo "2160"]
[BlackElo "2330"]
[Annotator "NA"]
[PlyCount "62"]
[EventDate "2018.07.10"]
[EventType "team-tourn"]
[EventCountry "GRE"]
[SourceTitle "playchess.com"]
[Source "ChessBase"]
[SourceQuality "1"]

1. e4 c5 2. Nf3 d6 3. Bb5+ Bd7 4. Bxd7+ Qxd7 5. O-O Nc6 6. c3 Nf6 7. Re1 e6 8. d4 cxd4 9. cxd4 d5 10. e5 Ne4 11. Nbd2 Nxd2 12. Bxd2 Be7 13. Rc1 O-O 14. Rc3 Rac8 15. Qb1 a6 16. a3 Na7 17. Rxc8 Rxc8 18. Rc1 Rxc1+ 19. Qxc1 Qc6 20. Qxc6 Nxc6 21. Bc3 Kf8 22. Kf1 Ke8 23. Ke2 Kd7 24. Ne1 f6 25. f4 f5 26. Ke3 g6 27. Nd3 b6 28. g3 a5 29. Ne1 Bd8 30. Nf3 Be7 31. Ne1 Bd8 1/2-1/2

[Event "46th GRE-chT Premier 2018"]
[Site "Rio Achaia"]
[Date "2018.07.14"]
[Round "6"]
[White "Markantonaki, Haritomeni"]
[Black "Paparizou, Eleni"]
[Result "1-0"]
[WhiteElo "2152"]
[BlackElo "1274"]
[Annotator "NA"]
[PlyCount "81"]
[EventDate "2018.07.10"]
[EventType "team-tourn"]
[EventCountry "GRE"]
[SourceTitle "playchess.com"]
[Source "ChessBase"]
[SourceQuality "1"]

1. e4 e5 2. Nf3 d6 3. d4 Nc6 4. Bb5 Bd7 5. O-O h6 6. Nc3 Nf6 7. Re1 a6 8. Bxc6 Bxc6 9. dxe5 dxe5 10. Qxd8+ Rxd8 11. Nxe5 Bd7 12. Nd5 Bd6 13. Nd3 Nxd5 14. exd5+ Kf8 15. c4 c5 16. Bf4 Bxf4 17. Nxf4 Re8 18. Nd3 b6 19. Ne5 Ke7 20. Ng6+ Kf6 21. Nxh8 Rxh8 22. Re3 Kg6 23. Re7 Rd8 24. Rae1 b5 25. b3 Bf5 26. Rc7 bxc4 27. bxc4 Rb8 28. Rc6+ f6 29. Rxc5 Rb2 30. a4 Bd3 31. d6 Bf5 32. Rc7 Ra2 33. Rd1 Rxa4 34. d7 Bxd7 35. Rcxd7 Rxc4 36. g3 a5 37. Ra7 Ra4 38. Kg2 Ra3 39. g4 a4 40. Rdd7 f5 41. Rxg7+ 1-0

[Event "46th GRE-chT Premier 2018"]
[Site "Rio Achaia"]
[Date "2018.07.14"]
[Round "6"]
[White "Krallis, Christos"]
[Black "Kesidis, Odyseas"]
[Result "0-1"]
[WhiteElo "2132"]
[BlackElo "2248"]
[Annotator "NA"]
[PlyCount "134"]
[EventDate "2018.07.10"]
[EventType "team-tourn"]
[EventCountry "GRE"]
[SourceTitle "playchess.com"]
[Source "ChessBase"]
[SourceQuality "1"]

1. e4 e5 2. Nf3 Nc6 3. Nc3 Nf6 4. Bb5 Bb4 5. O-O d6 6. d4 O-O 7. Bg5 Bxc3 8. bxc3 h6 9. Bh4 Qe7 10. d5 Nb8 11. Qd2 Bg4 12. h3 Bxf3 13. gxf3 a6 14. Be2 Kh8 15. Kh2 Rg8 16. Rg1 Nbd7 17. Rab1 b6 18. Bg3 g5 19. h4 Nh5 20. hxg5 Qxg5 21. Qxg5 hxg5 22. Kg2 Kg7 23. Kf1 Kf6 24. Ke1 Nc5 25. Kd2 Ke7 26. Bf1 Ng7 27. Bh2 f6 28. Bd3 Rh8 29. Rg2 Nh5 30. Rh1 Nf4 31. Rgg1 Ng6 32. Bg3 Kf7 33. c4 Kg7 34. Bf1 Rab8 35. Bh3 b5 36. cxb5 axb5 37. Bf5 Rxh1 38. Rxh1 Ra8 39. Rb1 Ra5 40. Bh3 Ne7 41. Bf1 f5 42. Rxb5 Rxb5 43. Bxb5 f4 44. Bh2 Kf7 45. a4 Nc8 46. a5 Na7 47. Bc4 Nb7 48. a6 Nc5 49. Ke2 Ke7 50. Kf1 Kd8 51. Kg2 Nd7 52. Kh3 Nf6 53. Bb3 Kc8 54. Ba4 Kb8 55. c4 Nc8 56. Bb5 Ka7 57. Bg3 Kb6 58. Bh4 gxh4 59. Kxh4 Na7 60. Ba4 Kxa6 61. Kg5 Ka5 62. Kxf6 Kxa4 63. c5 dxc5 64. Kxe5 c4 65. Kf6 c3 66. e5 c2 67. e6 Nc8 0-1

[Event "46th GRE-chT Premier 2018"]
[Site "Rio Achaia"]
[Date "2018.07.14"]
[Round "6"]
[White "Drakopoulos, Polihronis"]
[Black "Tomici, Stefan"]
[Result "1-0"]
[WhiteElo "2105"]
[BlackElo "2369"]
[Annotator "NA"]
[PlyCount "101"]
[EventDate "2018.07.10"]
[EventType "team-tourn"]
[EventCountry "GRE"]
[SourceTitle "playchess.com"]
[Source "ChessBase"]
[SourceQuality "1"]

1. d4 e6 2. g3 Nf6 3. Bg2 d5 4. Nf3 c5 5. c4 Nc6 6. O-O Be7 7. dxc5 Bxc5 8. a3 O-O 9. b4 Bb6 10. Bb2 Qe7 11. Nbd2 Rd8 12. Qc2 e5 13. cxd5 Nxd5 14. Nc4 e4 15. Nxb6 Nxb6 16. Nd2 f5 17. Nb3 Be6 18. Rfd1 Rac8 19. Nc5 Nd5 20. Rac1 b6 21. Nxe6 Qxe6 22. Qb3 Nce7 23. e3 Rxc1 24. Rxc1 Rc8 25. Rxc8+ Nxc8 26. Bf1 Nd6 27. a4 Kf7 28. Qd1 Nf6 29. Qd4 Qd5 30. Qc3 Nfe8 31. Be2 Ke7 32. Kg2 Kd7 33. Bh5 Nf6 34. Be2 Nfe8 35. b5 Nf6 36. Ba3 Nfe8 37. Kf1 Nf6 38. h3 Nfe8 39. Ke1 Qa2 40. Bd1 Qb1 41. Bxd6 Kxd6 42. Qc6+ Ke7 43. Qb7+ Kf8 44. Qxa7 Qb4+ 45. Kf1 Qc4+ 46. Be2 Qc1+ 47. Kg2 Qc2 48. Bf1 Nf6 49. Qxb6 Qxa4 50. Qd8+ Ne8 51. b6 1-0

[Event "46th GRE-chT Premier 2018"]
[Site "Rio Achaia"]
[Date "2018.07.14"]
[Round "6"]
[White "Samaridis, Konstantinos"]
[Black "Kadianis, Georgios"]
[Result "0-1"]
[WhiteElo "2103"]
[BlackElo "2002"]
[Annotator "NA"]
[PlyCount "119"]
[EventDate "2018.07.10"]
[EventType "team-tourn"]
[EventCountry "GRE"]
[SourceTitle "playchess.com"]
[Source "ChessBase"]
[SourceQuality "1"]

1. e4 e5 2. Nf3 Nc6 3. d4 exd4 4. Nxd4 Bc5 5. Nb3 Bb6 6. Nc3 d6 7. Qe2 Nge7 8. Be3 O-O 9. O-O-O f5 10. f4 fxe4 11. g3 Qe8 12. Bxb6 axb6 13. Qxe4 Bf5 14. Qc4+ Kh8 15. Bg2 Qg6 16. Rd2 Be6 17. Qe4 Bf5 18. Qc4 Be6 19. Qe2 Rfe8 20. Be4 Qf7 21. Kb1 d5 22. Bg2 Na5 23. Nb5 Nxb3 24. axb3 Nc6 25. Qd3 Ra5 26. Na3 Rea8 27. f5 Bd7 28. Bxd5 Qf8 29. f6 Nb4 30. fxg7+ Qxg7 31. Qc4 Nxd5 32. Rxd5 Rxd5 33. Qxd5 Bc6 34. Qd1 Bxh1 35. Qxh1 c6 36. Qe4 Rf8 37. g4 b5 38. c3 Qg6 39. Qxg6 hxg6 40. c4 b4 41. Nc2 Rf1+ 42. Ka2 c5 43. Ne3 Rh1 44. Nd5 Rxh2 45. Nb6 Rh7 46. Kb1 Rc7 47. Kc2 Kg7 48. Kd3 Rc6 49. Nd5 Kh6 50. Ke4 Kg5 51. Ke5 Kxg4 52. Ne7 Ra6 53. Kd5 g5 54. Kxc5 Kf3 55. Kxb4 g4 56. Kc3 Rf6 57. Nd5 Rf8 58. Nb4 g3 59. Nc2 Kf2 60. Kd4 0-1

[Event "46th GRE-chT Premier 2018"]
[Site "Rio Achaia"]
[Date "2018.07.14"]
[Round "6"]
[White "Alexakis, Dimitrios"]
[Black "Tassopoulos, Marios"]
[Result "1/2-1/2"]
[WhiteElo "2102"]
[BlackElo "2134"]
[Annotator "NA"]
[PlyCount "76"]
[EventDate "2018.07.10"]
[EventType "team-tourn"]
[EventCountry "GRE"]
[SourceTitle "playchess.com"]
[Source "ChessBase"]
[SourceQuality "1"]

1. e4 d5 2. exd5 Qxd5 3. Nf3 Bg4 4. Be2 Nf6 5. O-O e6 6. h3 Bh5 7. d4 c6 8. c4 Qd8 9. Nc3 Bxf3 10. Bxf3 Be7 11. d5 exd5 12. cxd5 O-O 13. Bf4 cxd5 14. Nxd5 Nxd5 15. Bxd5 Nc6 16. Bxc6 bxc6 17. Qc2 Bf6 18. Rad1 Qb6 19. b3 Bd4 20. Rd3 Rad8 21. Be3 c5 22. Rfd1 Bxe3 23. Rxe3 Rxd1+ 24. Qxd1 Rd8 25. Qe2 g6 26. Re7 a5 27. Qf3 Rf8 28. Qd5 Qf6 29. Qe5 Qxe5 30. Rxe5 Rc8 31. Re4 Kf8 32. Kf1 f5 33. Ra4 Ra8 34. Ke2 Ke7 35. f3 Kd6 36. Kd3 Kc6 37. Rh4 Ra7 38. Kc3 Kb5 1/2-1/2

[Event "46th GRE-chT Premier 2018"]
[Site "Rio Achaia"]
[Date "2018.07.14"]
[Round "6"]
[White "Kordis, Konstantinos"]
[Black "Papadopoulos, Panayotis"]
[Result "1-0"]
[WhiteElo "2100"]
[BlackElo "2189"]
[Annotator "NA"]
[PlyCount "73"]
[EventDate "2018.07.10"]
[EventType "team-tourn"]
[EventCountry "GRE"]
[SourceTitle "playchess.com"]
[Source "ChessBase"]
[SourceQuality "1"]

1. e4 c5 2. Nf3 Nc6 3. Bb5 g6 4. O-O Bg7 5. Re1 Nf6 6. e5 Nd5 7. Nc3 Nc7 8. Bxc6 dxc6 9. Ne4 Ne6 10. d3 O-O 11. Be3 b6 12. Qd2 Nd4 13. Nxd4 cxd4 14. Bh6 Qd5 15. Bxg7 Kxg7 16. Qg5 Qe6 17. Qh4 h6 18. f4 c5 19. b3 Bb7 20. a4 Rae8 21. Qf2 Qd5 22. Re2 f5 23. exf6+ exf6 24. Rae1 f5 25. Nd2 Rxe2 26. Rxe2 Rf6 27. Re7+ Kf8 28. Re5 Qc6 29. Qe2 Kf7 30. Re7+ Kf8 31. Nf3 Qc8 32. Qe5 Rf7 33. Re6 Rg7 34. Nh4 g5 35. Ng6+ Kf7 36. Qf6+ Kg8 37. Ne7+ 1-0

[Event "46th GRE-chT Premier 2018"]
[Site "Rio Achaia"]
[Date "2018.07.14"]
[Round "6"]
[White "Mihopoulos, Konstantinos"]
[Black "Tsagkaropoulos, Spyridon"]
[Result "1-0"]
[WhiteElo "2097"]
[BlackElo "2052"]
[Annotator "NA"]
[PlyCount "109"]
[EventDate "2018.07.10"]
[EventType "team-tourn"]
[EventCountry "GRE"]
[SourceTitle "playchess.com"]
[Source "ChessBase"]
[SourceQuality "1"]

1. Nf3 Nf6 2. c4 g6 3. Nc3 Bg7 4. g3 O-O 5. Bg2 c6 6. d4 d5 7. O-O dxc4 8. e4 b5 9. Bg5 Nbd7 10. e5 Nd5 11. e6 fxe6 12. Re1 N7f6 13. Ne5 Qb6 14. a4 Rb8 15. Qd2 Rd8 16. a5 Qc7 17. Bh6 c5 18. Bxg7 Kxg7 19. dxc5 Qxc5 20. Qg5 Nxc3 21. bxc3 Bb7 22. Bxb7 Rxb7 23. h4 Rd5 24. Qf4 Rb8 25. Nf7 Rf5 26. Ng5 Rxf4 27. Nxe6+ Kf7 28. Nxc5 Rf3 29. Rac1 b4 30. cxb4 Rxb4 31. Ne6 h6 32. Nd4 Rd3 33. Nc6 Rb2 34. Ne5+ Ke8 35. Nxd3 cxd3 36. Re3 d2 37. Rd1 Ra2 38. Re5 Kf7 39. Kf1 e6 40. Rc5 Ke7 41. Ke2 Kd6 42. Rc8 Rxa5 43. Rxd2+ Ke5 44. Rf8 Nd5 45. Kf3 Ra4 46. Re2+ Kd6 47. Re8 Nc7 48. Rg8 a5 49. Rxg6 Ra1 50. Rxh6 a4 51. Rd2+ Kc5 52. Rc2+ Kb6 53. Rh8 a3 54. Rb8+ Ka7 55. Rb3 1-0

[Event "46th GRE-chT Premier 2018"]
[Site "Rio Achaia"]
[Date "2018.07.14"]
[Round "6"]
[White "Manelidis, Savvas"]
[Black "Vlahos, Kiriakos"]
[Result "1/2-1/2"]
[WhiteElo "2090"]
[BlackElo "2293"]
[Annotator "NA"]
[PlyCount "80"]
[EventDate "2018.07.10"]
[EventType "team-tourn"]
[EventCountry "GRE"]
[SourceTitle "playchess.com"]
[Source "ChessBase"]
[SourceQuality "1"]

1. e4 e5 2. Nf3 Nc6 3. Bc4 Bc5 4. c3 Nf6 5. d3 a6 6. b4 Ba7 7. O-O d6 8. Nbd2 O-O 9. Re1 Ne7 10. Nf1 Ng6 11. a4 c6 12. Bb3 Re8 13. Ra2 Be6 14. Ng3 h6 15. d4 d5 16. Nxe5 Nxe5 17. dxe5 Nxe4 18. Nxe4 dxe4 19. Bxe6 Rxe6 20. Bf4 Qd3 21. Qxd3 exd3 22. Rd2 Rd8 23. Red1 g5 24. Bg3 f5 25. exf6 Re2 26. h4 Rxd2 27. Rxd2 Kf7 28. hxg5 hxg5 29. Bc7 Rd7 30. Be5 Rd5 31. Bc7 Kxf6 32. g4 Rd7 33. Bg3 b5 34. axb5 axb5 35. Kg2 c5 36. bxc5 Bxc5 37. Kf3 b4 38. cxb4 Bxb4 39. Rd1 d2 40. Ke4 Re7+ 1/2-1/2

[Event "46th GRE-chT Premier 2018"]
[Site "Rio Achaia"]
[Date "2018.07.14"]
[Round "6"]
[White "Serpetsidakis, Nikolaos"]
[Black "Kyriakidis, Anastasios P"]
[Result "1-0"]
[WhiteElo "2087"]
[BlackElo "1352"]
[Annotator "NA"]
[PlyCount "75"]
[EventDate "2018.07.10"]
[EventType "team-tourn"]
[EventCountry "GRE"]
[SourceTitle "playchess.com"]
[Source "ChessBase"]
[SourceQuality "1"]

1. d4 Nf6 2. c4 e6 3. Nc3 Bb4 4. e3 Bxc3+ 5. bxc3 d6 6. Bd3 Qe7 7. e4 e5 8. f3 Nbd7 9. Ne2 O-O 10. O-O Re8 11. Be3 c5 12. Qd2 Nf8 13. Rae1 Ng6 14. d5 Rf8 15. g4 Ne8 16. Ng3 f6 17. Nf5 Qf7 18. Kf2 Ne7 19. h4 Bxf5 20. gxf5 Kh8 21. f4 g6 22. fxg6 Nxg6 23. h5 Ne7 24. f5 Rg8 25. Be2 Nc7 26. Rb1 b6 27. a4 Rab8 28. h6 a5 29. Qd1 Na8 30. Bh5 Qf8 31. Qf3 Rb7 32. Rg1 Rc7 33. Qh3 Rb7 34. Be2 Rc7 35. Rg7 Nc8 36. Rbg1 Rcxg7 37. hxg7+ Rxg7 38. Bh6 1-0

[Event "46th GRE-chT Premier 2018"]
[Site "Rio Achaia"]
[Date "2018.07.14"]
[Round "6"]
[White "Androutsopoulos Agiotatos, Vasilios"]
[Black "Moshovakis, Aggelos"]
[Result "1-0"]
[WhiteElo "2082"]
[BlackElo "1964"]
[Annotator "NA"]
[PlyCount "157"]
[EventDate "2018.07.10"]
[EventType "team-tourn"]
[EventCountry "GRE"]
[SourceTitle "playchess.com"]
[Source "ChessBase"]
[SourceQuality "1"]

1. e4 e5 2. Nf3 Nc6 3. Bb5 a6 4. Ba4 Nf6 5. O-O Be7 6. Re1 b5 7. Bb3 d6 8. c3 O-O 9. d4 Bg4 10. Be3 Re8 11. Nbd2 Bf8 12. h3 Bh5 13. d5 Na5 14. Bc2 c6 15. b4 cxd5 16. bxa5 Qxa5 17. exd5 Nxd5 18. Nb3 Nxe3 19. Nxa5 Nxd1 20. Raxd1 Rac8 21. Re3 Rc7 22. Be4 Rec8 23. Rdd3 Bg6 24. Bxg6 hxg6 25. Nd2 f5 26. Nab3 e4 27. Rd4 Rxc3 28. Rxc3 Rxc3 29. a4 bxa4 30. Rxa4 Rc6 31. Nd4 Rb6 32. N2b3 Be7 33. Kf1 Bf6 34. Ke2 f4 35. Kd2 d5 36. Ra5 Rd6 37. Rc5 Bd8 38. Rc6 Rxc6 39. Nxc6 Bf6 40. f3 Kh7 41. Nb4 e3+ 42. Kd3 d4 43. Nxa6 Kh6 44. Nc1 Kg5 45. Ke4 Kh4 46. Ne2 g5 47. Nb4 Kh5 48. Nc2 Kg6 49. Ncxd4 Kf7 50. Nc2 Ke6 51. g3 fxg3 52. Nxg3 Be5 53. Ne2 Kf6 54. Nxe3 Bb8 55. Nc3 Kg6 56. Ncd5 Kh5 57. Ng2 Kg6 58. Ne7+ Kf6 59. Nc6 Bg3 60. Kd5 Bh2 61. Na5 Bg3 62. Nc4 Bh2 63. Nd6 Bg1 64. Ne4+ Kf5 65. Kd6 Bh2+ 66. Ke7 Kg6 67. Ke6 Bb8 68. Nd6 Bc7 69. Nf7 Ba5 70. Ne5+ Kh5 71. Kf7 Bc3 72. Ng6 Bd4 73. Ne1 Kh6 74. Nd3 Be3 75. Nde5 Bd4 76. Nc6 Bf6 77. Nce7 Kh7 78. Nf8+ Kh6 79. Ng8+ 1-0

[Event "46th GRE-chT Premier 2018"]
[Site "Rio Achaia"]
[Date "2018.07.14"]
[Round "6"]
[White "Fragkos, Vasilios"]
[Black "Tzagarakis, Panagiotis"]
[Result "1-0"]
[WhiteElo "2066"]
[BlackElo "1573"]
[Annotator "NA"]
[PlyCount "113"]
[EventDate "2018.07.10"]
[EventType "team-tourn"]
[EventCountry "GRE"]
[SourceTitle "playchess.com"]
[Source "ChessBase"]
[SourceQuality "1"]

1. Nf3 Nf6 2. c4 c5 3. g3 g6 4. Bg2 Bg7 5. O-O O-O 6. Nc3 d5 7. cxd5 Nxd5 8. Qb3 Nb6 9. d3 Nc6 10. Qb5 Nd7 11. Be3 a6 12. Qa4 Rb8 13. Rab1 e5 14. Bg5 f6 15. Bd2 Nd4 16. Nxd4 exd4 17. Ne4 Qe7 18. Bf4 Ne5 19. Bxe5 Qxe5 20. Qc4+ Be6 21. Qxc5 f5 22. Qxe5 Bxe5 23. Nc5 Bc8 24. Rbc1 b6 25. Nb3 Be6 26. Nd2 Rfc8 27. f4 Bf6 28. a3 Kf8 29. Kf2 Ke7 30. h4 h5 31. Bf3 Bg7 32. Bg2 Bf6 33. Nf3 Bd5 34. Ng5 Bxg2 35. Kxg2 Bxg5 36. hxg5 Ke6 37. Kf3 Kd5 38. e4+ dxe3 39. Kxe3 Re8+ 40. Kd2 Rbc8 41. Rxc8 Rxc8 42. Re1 Kd6 43. b3 Rh8 44. Kc3 h4 45. gxh4 Rxh4 46. Re8 Rxf4 47. Rg8 Rg4 48. Rxg6+ Kc7 49. Rg7+ Kc6 50. g6 b5 51. Rg8 Kb7 52. g7 a5 53. d4 Rg3+ 54. Kd2 f4 55. d5 Rg6 56. Ke2 Kc7 57. Ra8 1-0

[Event "46th GRE-chT Premier 2018"]
[Site "Rio Achaia"]
[Date "2018.07.14"]
[Round "6"]
[White "Iordanidou, Zoi"]
[Black "Maisuradze, Nino"]
[Result "1/2-1/2"]
[WhiteElo "2060"]
[BlackElo "2264"]
[Annotator "NA"]
[PlyCount "94"]
[EventDate "2018.07.10"]
[EventType "team-tourn"]
[EventCountry "GRE"]
[SourceTitle "playchess.com"]
[Source "ChessBase"]
[SourceQuality "1"]

1. e4 c5 2. Nf3 Nc6 3. d3 g6 4. g3 Bg7 5. Bg2 d6 6. O-O e5 7. Nc3 Nge7 8. Be3 O-O 9. Nd2 f5 10. f4 Be6 11. fxe5 Nxe5 12. Bg5 Qd7 13. Bxe7 Qxe7 14. exf5 Bxf5 15. h3 Rae8 16. Kh2 Qd7 17. Nd5 b5 18. Ne4 Kh8 19. Ne3 Be6 20. Rxf8+ Rxf8 21. Qe2 Qe7 22. Nc3 b4 23. Ncd5 Qg5 24. Rf1 Bf7 25. Rf4 Qd8 26. Qf1 a5 27. b3 Bh6 28. Rf2 Kg7 29. Nc4 Nxc4 30. dxc4 Bxd5 31. Bxd5 Rxf2+ 32. Qxf2 Qe7 33. Kg2 Bg5 34. Qf3 Bf6 35. Qe4 Be5 36. Qf3 h5 37. h4 Bd4 38. Qe4 Qe5 39. Qxe5+ dxe5 40. Be4 Kf6 41. Kf3 Bc3 42. Ke2 g5 43. Kd1 gxh4 44. gxh4 Bb2 45. Kd2 Bd4 46. Ke2 Bg1 47. Kf3 Bd4 1/2-1/2

[Event "46th GRE-chT Premier 2018"]
[Site "Rio Achaia"]
[Date "2018.07.14"]
[Round "6"]
[White "Damianou, Ioannis"]
[Black "Koukouliatas, Sotirios Georgios"]
[Result "1-0"]
[WhiteElo "2058"]
[BlackElo "1130"]
[Annotator "NA"]
[PlyCount "51"]
[EventDate "2018.07.10"]
[EventType "team-tourn"]
[EventCountry "GRE"]
[SourceTitle "playchess.com"]
[Source "ChessBase"]
[SourceQuality "1"]

1. e4 d5 2. exd5 Qxd5 3. Nc3 Qa5 4. d4 c6 5. Bd2 Bf5 6. g4 Bg6 7. Bg2 Qb6 8. f4 h6 9. f5 Bh7 10. Qe2 Nf6 11. O-O-O Nbd7 12. h4 g5 13. hxg5 hxg5 14. Bxg5 Bg7 15. Nf3 Kf8 16. Ne5 Rd8 17. Bf4 Qa5 18. Nc4 Qa6 19. Rhe1 Ra8 20. Qxe7+ Kg8 21. Nd6 Rf8 22. g5 Nd5 23. Bxd5 cxd5 24. g6 fxg6 25. Qe6+ Rf7 26. Qxf7# 1-0

[Event "46th GRE-chT Premier 2018"]
[Site "Rio Achaia"]
[Date "2018.07.14"]
[Round "6"]
[White "Alexakis, Georgios"]
[Black "Korniotis, Filippos"]
[Result "1/2-1/2"]
[WhiteElo "2045"]
[BlackElo "2163"]
[Annotator "NA"]
[PlyCount "84"]
[EventDate "2018.07.10"]
[EventType "team-tourn"]
[EventCountry "GRE"]
[SourceTitle "playchess.com"]
[Source "ChessBase"]
[SourceQuality "1"]

1. e4 c5 2. Nf3 e6 3. d4 cxd4 4. Nxd4 Nc6 5. Nc3 Qc7 6. Be2 Nf6 7. a3 a6 8. Be3 b5 9. Nxc6 dxc6 10. f4 Bb7 11. e5 Nd5 12. Nxd5 cxd5 13. O-O Bc5 14. Bd4 Qb6 15. c3 a5 16. b4 Bxd4+ 17. Qxd4 Qxd4+ 18. cxd4 Bc6 19. Rac1 Kd7 20. Rc5 axb4 21. axb4 Ra2 22. Bxb5 Bxb5 23. Rxb5 Rc8 24. Rc5 Rxc5 25. bxc5 Rd2 26. Ra1 Rxd4 27. Ra7+ Kc6 28. Rxf7 Kxc5 29. g3 Rd2 30. Re7 Kd4 31. Rxe6 Ke4 32. Ra6 d4 33. e6 Kf3 34. Ra1 Rg2+ 35. Kf1 Rf2+ 36. Kg1 d3 37. e7 Rg2+ 38. Kh1 Re2 39. Rf1+ Kg4 40. Rd1 Rxe7 41. Rxd3 Kh3 42. Kg1 Rc7 1/2-1/2